Spanische Städte - Sudden Death - Statistiken

Allgemein
  • Dieses Quiz wurde 331 mal gespielt
  • Das Durchschnittsergebnis liegt bei 8 aus 17
Answers on the Grid
Answers color-coded by a green-red scale on the quiz's grid according to % correct below.
Sevilla
Burgos
Coimbra
Albacete
Pistoia
Carpi
Massana
Pamplona
Lleida
Murcia
Biarritz
Sabadell
Figueres
Tangier
Maracaibo
Masaya
Ourense
Nassau
Girona
Altea
Ensenada
Saragossa
Valencia
Alicante
La Croix-Valmer
Braga
Vigo
Hermosillo
Monclova
Bloemfontein
Toledo
Zamora
 
Antwortstatistiken
Antwort % Korrekt
Sevilla
99%
Valencia
85%
Alicante
76%
Saragossa
73%
Girona
70%
Murcia
64%
Vigo
64%
Pamplona
62%
Albacete
51%
Toledo
50%
Burgos
47%
Lleida
28%
Figueres
24%
Zamora
15%
Sabadell
13%
Altea
12%
Ourense
11%
Keine übereinstimmenden Quizze gefunden
Verteilung der Resultate
Anzahl Personen mit jedem Resultat
Perzentil nach korrekt beantworteten Fragen
Ihre Resultats-Entwicklung
Sie haben dieses Quiz noch nicht gespielt